书目信息 |
| 题名: |
生二胎父母必须知道的事
|
|
| 作者: | 科萨 著 ;张鑫 译 | |
| 分册: | ||
| 出版信息: | 北京 北京理工大学出版社有限责任公司 2016 |
|
| 页数: | 243页 | |
| 开本: | 24cm | |
| 丛书名: | ||
| 单 册: | ||
| 中图分类: | G78 , R715.3 | |
| 科图分类: | ||
| 主题词: | 家庭教育--Jia Ting Jiao Yu , 妊娠期--Ren Shen Ji--妇幼保健 | |
| 电子资源: | ||
| ISBN: | 978-7-5682-2127-6 | |
| 000 | 01371nam0 2200301 450 | |
| 001 | 012001003344 | |
| 005 | 20131025164447.0 | |
| 010 | @a978-7-5682-2127-6@dCNY30.00 | |
| 099 | @aCAL 012017066451 | |
| 100 | @a20160819d2016 em y0chiy50 ea | |
| 101 | 1 | @achi@cita |
| 102 | @aCN@b110000 | |
| 105 | @ay z 000yy | |
| 106 | @ar | |
| 200 | 1 | @a生二胎父母必须知道的事@Asheng er tai fu mu bi xu zhi dao de shi@dBenvenuto fratellino benvenuta sorellina@f(意)乔尔佳·科萨著@g张鑫译@zita |
| 210 | @a北京@c北京理工大学出版社有限责任公司@d2016 | |
| 215 | @a243页@d24cm | |
| 312 | @a版权页意大利文题名:Benvenuto fratellino benvenuta sorellina: favorire l'accoglienza del nuovo nato e la relazione tra fratelli | |
| 330 | @a本书作者结合大量实际案例,用生动有趣的语言为想要(已经)生二胎的父母提供专业指导,答疑解惑。书中既有心理学家和教育专家对孩子在有弟弟妹妹后可能出现的问题的分析和解答,也有妇科专家和哺乳顾问对生二胎的妈妈在健康、心理等方面的建议和指导。 | |
| 510 | 1 | @aBenvenuto fratellino benvenuta sorellina: favorire l'accoglienza del nuovo nato e la relazione tra fratelli@zita |
| 606 | 0 | @a家庭教育@AJia Ting Jiao Yu |
| 606 | 0 | @a妊娠期@ARen Shen Ji@x妇幼保健 |
| 690 | @aG78@v5 | |
| 690 | @aR715.3@v5 | |
| 701 | 0 | @c(意)@a科萨@Ake sa@c(女)@4著 |
| 702 | 0 | @a张鑫@Azhang xin@4译 |
| 801 | 2 | @aCN@b江苏凤凰@c20191020 |
| 905 | @b1226624-7@dG78@e1181@f4 | |
| 生二胎父母必须知道的事=Benvenuto fratellino benvenuta sorellina/(意)乔尔佳·科萨著/张鑫译.-北京:北京理工大学出版社有限责任公司,2016 |
| 243页;24cm |
| ISBN 978-7-5682-2127-6:CNY30.00 |
| 本书作者结合大量实际案例,用生动有趣的语言为想要(已经)生二胎的父母提供专业指导,答疑解惑。书中既有心理学家和教育专家对孩子在有弟弟妹妹后可能出现的问题的分析和解答,也有妇科专家和哺乳顾问对生二胎的妈妈在健康、心理等方面的建议和指导。 |
| ● |
| 相关链接 |
|
|
|
|
正题名:生二胎父母必须知道的事
索取号:G78/1181
 
预约/预借
| 序号 | 登录号 | 条形码 | 馆藏地/架位号 | 状态 | 备注 |
| 1 | 1226624 | 212266242 | 第一样本阅览室/ [索取号:G78/1181] | 在馆 | |
| 2 | 1226625 | 212266251 | 教育系资料室/ [索取号:G78/1181] | 在馆 | |
| 3 | 1226626 | 212266260 | 教育系资料室/ [索取号:G78/1181] | 在馆 | |
| 4 | 1226627 | 212266279 | 第四借阅区/ [索取号:G78/1181] | 在馆 |